Genshin Impact Guess charecters given Demo Music - Statistics

General Stats
  • This quiz has been taken 136 times
    43 since last reset
  • The average score is 38 of 104
Answer Stats
Song Title Charecter Type Volume % Correct
Rex Incognito Zhongli Demo 1
100%
Chantons a plusieursSe mettre sur son trente-et-un ! Furina TeaserDemo 4
93%
Bard's Adventure Venti Demo 1
93%
Letter From AjaxFrom Snezhnaya With Boldness Tartaglia DemoTeaser 1
90%
Let's Go, Crimson Knight!Where the Sunlight Flees Klee DemoTeaser 1
73%
Flaming Fry Xiangling Demo 1
73%
Overtüre der ewigen NachtSieh an, mein Sommernachtgarten! Fischl DemoTeaser 1
70%
Path of Yaksha Xiao Demo 2
67%
Eternity in a MomentBlossoms of Summer Night Yoimiya TeaserDemo 2
67%
Rockin' With Fire Xinyan Demo 1
63%
Fitness Lesson Iansan Demo 6
60%
As Miko PleasesNothing but Trickery Yae TeaserDemo 3
60%
Contemplation in SnowGenius of Takwin Albedo DemoTeaser 1
57%
La cerise sur le gateauLa complexe symphonie en cuisine Escoffier Teaser Demo 6
57%
The Frozen EmblemDance of Aphros Eula TeaserDemo 2
57%
Nimble as Lightning Keqing Demo 1
57%
Ho'olauna aloha!Hot Spring Affection Mualani TeaserDemo 5
57%
Lotus of Haftkarsvar Nilou Demo 3
57%
Muji-Muji Chaos! Sayu Demo 2
57%
Winding Through Avidya Tighnari Demo 3
57%
Retaining Clouds Over a Clear PoolBorrowing Winds of Harmony Xianyun TeaserDemo 5
57%
Qilin's Prance Ganyu Demo 1
53%
Shirasagi Princess Ayaka Demo 2
50%
Nephrite of Desrhet Candace Demo 3
50%
Catching the GlowSong to the Mirrored Moon Columbina Teaser Demo 6
50%
Drifter's DestinyFlow of Autumn Wind Kazuha TeaserDemo 2
50%
Broker Betwixt Life and DeathAny Last Words? Hu Tao TeaserDemo 2
47%
Dreamy FelicitationSurasthana Fantasia Nahida TeaserDemo 3
47%
Romari Time! Sigewinne Demo 5
47%
Thanks for Your Patronage! Dori Demo 3
43%
Healing Breeze Ifa Demo 6
43%
Pirouette of Pika's Pike Kachina Demo 5
43%
Cat's Cosy Course Kirara Demo 4
43%
Surge of Prophecies Mona Demo 1
43%
Voicing la grenadiere ! Chevreuse Demo 5
40%
Caprice of the Leaves Collei Demo 3
40%
Chant of Nine BowsOrder of Silence Cyno TeaserDemo 3
40%
Iridescent Summer Day Jean /Barabra Outfit 2
40%
Illusory TruthLustrous Trick Lyney TeaserDemo 4
40%
Drifting Clouds, Wafting Snow Xingqui /Shenhe / Ganyu Outfit 5
40%
Le Souffle du ParfumNotes Aeriennes Emilie TeaserDemo 5
37%
Del Nepatekejusio MenulioLumipyhaemetsaen Polkka Lauma Teaser Demo 6
37%
The Antiquity of NamesLights on Me Xilonen TeaserDemo 5
37%
Storm Chaser Heizou Demo 3
33%
For Your Cash Only Jahoda Demo 6
33%
Maverick HunterNote of Effective Settlements Kinich TeaserDemo 5
33%
Awake From a NightmareTermination of Desires Raiden TeaserDemo 2
33%
Devotion of the Keeper Thoma Demo 2
33%
The Feast of ValorValiant Duel Varesa Teaser Demo 6
33%
Sonnet of ProfundityNippy Bout Wriothesley TeaserDemo 4
33%
Marching of Xiezhi Yanfei Demo 2
33%
Language of EternityCogitation of Epochs Alhaitham TeaserDemo 4
30%
Anekdota en NyktíEntombed in Pale Fire Flins Teaser Demo 6
30%
Astute and Fearless Leader Gorou Demo 3
30%
Tactician's GritA Glorious Awakening Kokomi TeaserDemo 2
30%
Largo alla donzellaVia col vento rosato Navia DemoTeaser 5
30%
Sewing Sacred SecretsMachination of Mehenet Nefer Teaser Demo 6
30%
Will of Thunder Sara Demo 2
30%
Days Free of AnguishThe Crane Cries Shenhe TeaserDemo 3
30%
Novatio NovenaAshes of Anupadhisesa Wanderer DemoTeaser 4
30%
Good Hunting on a New Horizon Aloy Demo 2
27%
Whirling of Vairambhaka Faruzan Demo 4
27%
Evening Luxury Fischl /Diluc Outfit 3
27%
Goodbye, or Another Tomorrow of Chue'q ChikWar With Pepper and Fish Ineffa Teaser Demo 6
27%
Chiming Jade Lan Yan Demo 6
27%
Serene Contemplation Lisa /Ayaka Outfit 4
27%
Where the Current Flows into EternityA Star to Every Wandering Bark Skirk Teaser Demo 6
27%
Ingenious Trip Aino Demo 6
23%
Possente legge e formidabil numeNon si levava ancor Clorinde TeaserDemo 5
23%
Exclusive Specialty Diona Demo 1
23%
Unwritten StoriesSumma Perfectionis Durin Teaser Demo 6
23%
Adroit Deputy Kuki Demo 3
23%
Eleusis Dicis GratiaParousia Diluvi Neuvillette TeaserDemo 4
23%
Soft as Willow Down Neuvillette / YaoYao Outfit 6
23%
Preserver of Fortune Qiqi Demo 1
23%
Plum Blossom Spring Xiangling / Hu Tao Outfit 5
23%
Ceaseless Banquet Yelan / Bennett Outfit 6
23%
Wishes UnspokenSerene and Fathomless Ayato TeaserDemo 3
20%
This Side of PromiseViajadora's Verse Chasca TeaserDemo 5
20%
Infinite CosmodynamicsInterstellar Drift Citlali TeaserDemo 5
20%
Time to ShineThe Spotlight's on Me! Itto DemoTeaser 3
20%
Resplendent Couture Kaeya /Klee Outfit 4
20%
Floating Breaths of the Breeze Kirara /Nilou Outfit 5
20%
Surreal Noctivaga Layla Demo 3
20%
Rain of Seven Curtains Ororon Demo 5
20%
Menmaatre's Parade Sethos Demo 5
20%
Chapter of a New Era Yun Jin Demo 3
20%
Revised RequiemOffertorium of Fortuitum Arlecchino TeaserDemo 5
17%
Whisper of VerdureIn the Wake of Rain Baizhu TeaserDemo 4
17%
By the Dawn's First RadianceFervent Flare Dehya TeaserDemo 4
17%
Frigid Reverie Freminet Demo 4
17%
Empyrean Stairway Kaveh Demo 4
17%
Chasing the Wind Lynette Demo 4
17%
Scorching Haze Mavuika Teaser 5
17%
Sunfrost Breeze Mika Demo 4
17%
Veritas Numquam Perit Charlotte Demo 4
13%
Mache de MomotsuzuriLe cramoisi couldn't comment Cin Chiori TeaserDemo 5
13%
Propitious Ardor Gaming Demo 5
13%
As Charming as Ever Ningguang / Keqing Outfit 3
13%
Shadow of Nemesis Rosaria Demo 2
13%
Immaculate Ardency Yaoyao Demo 4
13%
There Is No EscapeGraceful Dexterity Yelan TeaserDemo 3
13%
The Wind-Woven Poem Upon the Waters Dahlia Demo 6
10%
In Your Vision, or in NoneTales From the Ninety-Eight-Nights Yumemizuki Mizuki Teaser Demo 6
0%
No matching quizzes found
Score Distribution
Percent of People with Each Score
Percentile by Number Answered
Your Score History
You have not taken this quiz since the last reset